Экономика труда: учебное пособие

Bibliografske podrobnosti
Glavni avtor: Остапенко Ю. М. Юлия Михайловна
Korporativna značnica: Государственный университет управления (ГУУ)
Izvleček:В учебном пособии рассматриваются вопросы экономики труда в органической взаимосвязи как единство социально-экономических трудовых отношений, исключительно важных по значению и приобретающих острый характер в процессе осуществления рыночных реформ в России. Представлены методологические основы современной экономики труда, предмет, задачи этой дисциплины, рассмотрены труд как основа жизнедеятельности общества, занятость населения, формирование и регулирование рынка труда, экономика социальной составляющей трудового процесса, аудит в трудовой сфере и регулирование трудовых отношений в современных условиях. Учебное пособие подготовлено в соответствии с государственным образовательным стандартом высшего профессионального образования для учебной дисциплины «Экономика труда».
Jezik:ruščina
Izdano: Москва, Инфра-М, 2009
Izdaja:2-е изд., перераб. и доп.
Serija:Высшее образование
Teme:
Format: Knjiga
KOHA link:https://koha.lib.tpu.ru/cgi-bin/koha/opac-detail.pl?biblionumber=159790

MARC

LEADER 00000nam0a2200000 4500
001 159790
005 20231101222134.0
010 |a 9785160030630 
035 |a (RuTPU)RU\TPU\book\173305 
035 |a RU\TPU\book\106808 
090 |a 159790 
100 |a 20060706d2009 m y0rusy50 ca 
101 0 |a rus 
102 |a RU 
105 |a y j 001zy 
200 1 |a Экономика труда  |e учебное пособие  |f Ю. М. Остапенко  |g Государственный университет управления (ГУУ) 
205 |a 2-е изд., перераб. и доп. 
210 |a Москва  |c Инфра-М  |d 2009 
215 |a 268 с. 
225 1 |a Высшее образование 
320 |a Библиогр.: с. 265-267. 
330 |a В учебном пособии рассматриваются вопросы экономики труда в органической взаимосвязи как единство социально-экономических трудовых отношений, исключительно важных по значению и приобретающих острый характер в процессе осуществления рыночных реформ в России. Представлены методологические основы современной экономики труда, предмет, задачи этой дисциплины, рассмотрены труд как основа жизнедеятельности общества, занятость населения, формирование и регулирование рынка труда, экономика социальной составляющей трудового процесса, аудит в трудовой сфере и регулирование трудовых отношений в современных условиях. Учебное пособие подготовлено в соответствии с государственным образовательным стандартом высшего профессионального образования для учебной дисциплины «Экономика труда». 
606 1 |a Труд  |x Экономика  |y Россия  |2 stltpush  |3 (RuTPU)RU\TPU\subj\37095  |9 58241 
610 1 |a экономика 
610 1 |a занятость 
610 1 |a производительность 
610 1 |a оплата труда 
610 1 |a доходы 
610 1 |a уровень жизни 
610 1 |a социальная защита 
610 1 |a социальное партнерство 
610 1 |a практикумы 
610 1 |a учебные пособия 
686 |a У9(2)24я73  |v LBC/SL-A  |2 rubbk 
700 1 |a Остапенко  |b Ю. М.  |g Юлия Михайловна 
712 0 2 |a Государственный университет управления (ГУУ)  |c (Москва)  |c (1998- )  |2 stltpush  |3 (RuTPU)RU\TPU\col\23 
801 1 |a RU  |b 63413507  |c 20090514  |g PSBO 
801 2 |a RU  |b 63413507  |c 20150731  |g PSBO 
942 |c BK 
959 |a 58/20090508  |d 7  |e 125,90  |f ЧЗГЛ:1  |f АНЛ:1  |f УФ:5 
959 |a 49/20100813  |d 3  |e 119,90  |f Ф_ТПУ_Новокузнецк:3